El origen de las especies (Registro nro. 10843)

000 -CABECERA
Campo de control de longitud fija 01604nam a22002657a 4500
003 - IDENTIFICADOR DEL NÚMERO DE CONTROL
Campo de control OSt
005 - FECHA Y HORA DE LA ÚLTIMA TRANSACCIÓN
Campo de control 20260416144229.0
008 - CÓDIGOS DE INFORMACIÓN DE LONGITUD FIJA
Campo de control de longitud fija 260414t1999 xxu||||| |||| 00| 0 spa d
040 ## - FUENTE DE LA CATALOGACIÓN
Centro catalogador de origen Unicoc
Lengua de catalogación spa
Centro que cataloga Bogotá (Dr. David Ordóñez Rueda) - Campus Norte
Centro modificador Bogotá (Dr. David Ordóñez Rueda) - Campus Norte
082 ## - NÚMERO DE LA CLASIFICACIÓN DECIMAL DEWEY
Número de clasificación 575.82
100 ## - PUNTO DE ACCESO PRINCIPAL - NOMBRE DE PERSONA
9 (RLIN) 12933
Nombre de persona Darwin, Charles
245 ## - MENCIÓN DE TÍTULO
Título El origen de las especies
Subtitulo o Resto del título : por medio de la selección natural
Mención de responsabilidad etc. / Charles Darwin
250 ## - MENCIÓN DE EDICIÓN
Mención de edición 1 Ed.
260 ## - PUBLICATION, DISTRIBUTION, ETC. (IMPRINT)
Lugar de publicación distribución etc. España :
Nombre del editor distribuidor etc. Biblioteca Virtual Miguel de Cervantes ,
Fecha de publicación distribución etc. 1999
300 ## - DESCRIPCIÓN FÍSICA
Extensión 463 páginas
505 ## - NOTA DE CONTENIDO CON FORMATO
Título 1. La variación en estado doméstico. --
-- 2. La variación en estado natural. --
-- 3. La lucha por la existencia. --
-- 4. La selección natural, o la supervivencia de los más aptos. --
-- 5. Las leyes de la variación. --
-- 6. Dificultades de la teoría. --
-- 7. El instinto. --
-- 8. El cruzamiento o hibridismo. --
-- 9. De la imperfección del registro geológico. --
-- 10. De la sucesión geológica de los seres orgánicos. --
-- 11. De la distribución geográfica. --
-- 12. Distribución geográfica (continuación). --
-- 13. Afinidades mutuas de los seres orgánicos: morfología, embriología y órganos rudimentarios. --
-- 14. Recapitulación y conclusión.
526 ## - NOTA DE INFORMACIÓN SOBRE EL PROGRAMA DE ESTUDIO
Institución que aplica el campo Unicoc
546 ## - NOTA DE LENGUA
Nota de lengua Español
650 #0 - PUNTO DE ACCESO ADICIONAL DE MATERIA - TÉRMINO DE MATERIA
9 (RLIN) 9936
Término de materia o nombre geográfico como elemento inicial Evolución
650 #0 - PUNTO DE ACCESO ADICIONAL DE MATERIA - TÉRMINO DE MATERIA
9 (RLIN) 12934
Término de materia o nombre geográfico como elemento inicial Origen de las especies
650 #0 - PUNTO DE ACCESO ADICIONAL DE MATERIA - TÉRMINO DE MATERIA
9 (RLIN) 9937
Término de materia o nombre geográfico como elemento inicial Selección natural
658 #0 - TÉRMINO DE INDIZACIÓN - OBJETIVO CURRICULAR
9 (RLIN) 10741
Programa Académico Programa de Psicología
856 ## - LOCALIZACIÓN Y ACCESO ELECTRÓNICOS
Texto del enlace Acceso online exclusivo para comunidad Unicoc.
Identificador Uniforme del Recurso (URI) https://unicoceduco-my.sharepoint.com/:b:/g/personal/direccionbiblioteca_unicoc_edu_co/IQAz_v7N6NilTZdXjqBmUbccAdjla0woJ-j18QmJwsHCY5k
942 ## - ENTRADA PARA ELEMENTOS AGREGADOS (KOHA)
Fuente de clasificación o esquema de ordenación en estanterías
Koha [por defecto] tipo de item Libro electrónico
Existencias
Estropeado Localización actual Fecha del precio de reemplazo Código de colección Estado de pérdida No para préstamo Localización permanente Fecha de adquisición Signatura completa Fuente de clasificación o esquema de ordenación en estanterías Tipo de item de Koha Fuente de adquisición Fecha última consulta Código de barras Precio
 Bogotá (Dr. David Ordóñez Rueda) - Campus Norte2026-04-14Coleccion Online  Bogotá (Dr. David Ordóñez Rueda) - Campus Norte2026-04-14575.82 Libro electrónicoCompra2026-04-14Ebook10843200000.00

© 2014 UNICOC | Institución Universitaria Colegios de Colombia - UNICOC
Bogotá D.C. Autopista Norte Km. 20. Teléfono:(571)6683535
Cali: Calle 13 Norte No. 3N-13. Teléfono: (572)6608887

Con tecnología de Koha